Регионална библиотека "Любен Каравелов" - Русе

Понякога (Запис номер 176213)

MARC детайли
000 -Лидер
Лидер 01157nam a2200361 a 4500
003 - Код на организацията, давaща контролен номер
Код на организацията, даваща контролен номер BLK
005 - Дата и час на последна редакция
Дата и час на последна редакция 20241029085237.0
008 - Елементи от данни с фиксирана дължина
Елементи с фиксирана дължина 180411b bul|||||r ||||||| ||bul||
010 ## - Наследен системен номер
LC control number KNG00184818000
020 ## - Международен стандартен номер на книга ISBN
ISBN 978-954-398-396-4
040 ## - Източник на каталожния запис
Код на библиотеката BLK
041 ## - Код за език
Език Български
Език за КДБФ Български
072 #7 - Код за тематичната категория
Код организация bullib
Код за тематична категория Н8400
Текст Българска поезия Н
072 #7 - Код за тематичната категория
Код организация bullib
Код за тематична категория Я
Текст Автографи
080 ## - УДК
УДК текст Българска литература
УДК код 821.163.2
УДК – определител -1(081.2)
УДК – код + определител 821.163.2-1(081.2)
100 1# - Редна дума - Автор
Автор Тодоров, Вили
R(LIN) 321326
245 10 - Сведения за заглавието
Заглавие Понякога
Подзаглавни данни Избрана поезия
Авторска отговорност Вили Тодоров.
257 ## - Страна на издаване
Страна на създаване/издаване България
260 ## - Област на издателските данни
Име на издателя Труд
Година на издаване 2015
Печатница София : Бет принт
Място на издаване София
300 ## - Физическа характеристика
Брой страници 64 с.
Размер 20 см
380 ## - Жанр
Жанр Худож. лит.
653 ## - Ключова дума – ненормативна
Ключови думи стихотворения
659 ## - Тематичен бюлетин
Тематичен бюлетин Н
659 ## - Тематичен бюлетин
Тематичен бюлетин Я
852 ## - Местоположение
Сигнатура (форматна) Цб 278118
856 4# - Електронен адрес и достъп
Електронен формат pdf - файл
856 4# - Електронен адрес и достъп
Електронен формат pdf - файл
942 ## - АРТИКУЛИ
Вид на библиотечния документ Книги
Скрит в OPAC Не
944 ## - СЪЗДАВАНЕ И РЕДАКЦИЯ на ЗАПИСА
Създаване/Редакция Създаване
Дата на регистрацията/редакция 12.11.2015
Служител, извършил регистрацията/редакцията 30542
Номер на служител Русанова Ирена
944 ## - СЪЗДАВАНЕ И РЕДАКЦИЯ на ЗАПИСА
Създаване/Редакция Редакция
Дата на регистрацията/редакция 17.06.2016
Служител, извършил регистрацията/редакцията Виолета_Тройчева
999 ## - СИСТЕМНИ КОНТРОЛНИ НОМЕРА
Koha biblionumber 176213
Koha biblioitemnumber 176213
999 ## - СИСТЕМНИ КОНТРОЛНИ НОМЕРА
Koha biblioitemnumber 176213
Наличности
Код за отписване Код за изгубен артикул Код за повреда Коз за рестрикции Код за отдаване Артикулен № Име на библиотеката - собственик Име на библиотеката, в която се намира в момента Статус (Текущо местоположение) Дата на вписване в системата Местоположение - отдел Цена в лева Инвентарен номер Систематично азбучна сигнатура Баркод Номер на екземпляра Цена в евро Служебна бележка Служебен тип на артикула Номерация (Хронология)
  Не е изгубен Не е повреден без рестрикции ползва се в читалня 303298 Регионална библиотека "Любен Каравелов" Русе Регионална библиотека "Любен Каравелов" Русе Хранилище 2015-11-12 Хранилище 5.00 120000794825 Цб 278118 120000794825 1 2.56 Дост: Dp Вид: Д N: 42 Дата: 29.09.2015 Книги  
  Не е изгубен Не е повреден без рестрикции ползва се в читалня 303299 Регионална библиотека "Любен Каравелов" Русе Регионална библиотека "Любен Каравелов" Русе Хранилище 2016-05-15 Основен фонд - ползва се само за читалня 5.00 120000800074 Цб 278118 120000800074 2 2.56 Дост: DA Вид: А N: 20 Дата: 15.05.2016 Книги Автограф: Вили Тодоров
  Не е изгубен Не е повреден без рестрикции заемане за дома 303300 Регионална библиотека "Любен Каравелов" Русе Регионална библиотека "Любен Каравелов" Русе Заемна - подръчен фонд 2016-05-15 Заемна - подръчен фонд 5.00 120000800075 П 886.7-1/Т 64 120000800075 3 2.56 Дост: DA Вид: А N: 20 Дата: 15.05.2016 Книги  
  Не е изгубен Не е повреден без рестрикции заемане за дома 303301 Регионална библиотека "Любен Каравелов" Русе Регионална библиотека "Любен Каравелов" Русе Заемна - подръчен фонд 2016-05-15 Заемна - подръчен фонд 5.00 120000800076 П 886.7-1/Т 64 120000800076 4 2.56 Дост: DA Вид: А N: 20 Дата: 15.05.2016 Дата инв: 14.02.2018 Бележки инв: П2018 Книги  
Vip Innovations Ltd, Rousse, Bulgaria 2025